Country and Capital Neighbour Connect with Disappearing World Map: First Alphabetically - Statistics

General Stats
  • This quiz has been taken 429 times
  • The average score is 179 of 392
Answers on the Map
Answers color-coded by a green-red scale on the quiz's map according to % correct below.
 
Answer Stats
Hint Hint Country/Capital % Correct
502 182.5 Abu Dhabi
99%
509.33 187.2 Muscat
86%
509.33 187.2 Oman
81%
482.1 179.9 Riyadh
81%
462.3 158.9 Amman
79%
460.3 130.6 Ankara
79%
478.8 149.9 Baghdad
79%
487.6 125 Baku
79%
480.5 125 Armenia
78%
487.6 125 Azerbaijan
78%
479 120 Georgia
77%
528 149.2 Afghanistan
76%
513 130.6 Ashgabat
76%
533 100 Astana
76%
615 140.9 Beijing
76%
461.7 146.8 Beirut
76%
584.1 169.4 Bhutan
76%
548 122 Bishkek
76%
447 171.3 Cairo
76%
615 140.9 China
76%
467 143 Damascus
76%
545.2 133.5 Dushanbe
76%
447 171.3 Egypt
76%
501.3 152.5 Iran
76%
478.8 149.9 Iraq
76%
459 157 Israel
76%
528 149.2 Kabul
76%
577 52 Moscow
76%
495.7 176.2 Doha
75%
459 157 Jerusalem
75%
462.3 158.9 Jordan
75%
495.7 176.2 Qatar
75%
482.1 179.9 Saudi Arabia
75%
487 162.9 Kuwait
70%
425.5 124 Albania
69%
393 86.9 Amsterdam
69%
430 129 Athens
69%
414.2 100.9 Austria
69%
391 91 Belgium
69%
427.6 113 Belgrade
69%
404 89.9 Berlin
69%
421 113 Bosnia and Herzegovina
69%
391 91 Brussels
69%
424.4 103.1 Budapest
69%
437.8 117.9 Bulgaria
69%
418 108 Croatia
69%
386 105 France
69%
430 129 Greece
69%
487 162.9 Kuwait City
69%
384 118.7 Andorra
68%
384 118.7 Andorra la Vella
68%
361.7 127.6 Lisbon
68%
372 127.5 Madrid
68%
361.7 127.6 Portugal
68%
488.3 208.2 Sana'a
68%
372 127.5 Spain
68%
488.3 208.2 Yemen
68%
398 230.8 Abuja
67%
378.2 234.5 Accra
67%
384.2 167.2 Algeria
67%
384.2 167.2 Algiers
67%
377 202.2 Bamako
67%
427.6 239 Bangui
67%
344 216 Banjul
67%
347.7 220.3 Bissau
67%
416.9 260.5 Brazzaville
67%
377 219 Burkina Faso
67%
407 247 Cameroon
67%
353.3 224.2 Conakry
67%
368 235.9 Cote d'Ivoire
67%
347 212 Dakar
67%
354 232.9 Freetown
67%
344 216 Gambia
67%
353.3 224.2 Guinea
67%
461.7 146.8 Lebanon
67%
359.2 239.6 Liberia
67%
366 153.5 Morocco
67%
347 212 Senegal
67%
467 143 Syria
67%
460.3 130.6 Turkey
67%
502 182.5 United Arab Emirates
67%
433 267.2 Democratic Republic of the Congo
66%
363 82.5 Dublin
66%
363 82.5 Ireland
66%
377 86 London
66%
359.2 239.6 Monrovia
66%
354 232.9 Sierra Leone
66%
377 86 United Kingdom
66%
420 301.2 Angola
65%
470 234.2 Addis Ababa
64%
466.3 209.2 Asmara
64%
385.7 225 Benin
64%
447.8 272.6 Bujumbura
64%
447.8 272.6 Burundi
64%
476.4 221.6 Djibouti
64%
476.4 221.6 Djibouti (cap)
64%
459.1 282.5 Dodoma
64%
466.3 209.2 Eritrea
64%
470 234.2 Ethiopia
64%
378.2 234.5 Ghana
64%
449.6 239.5 Juba
64%
453.1 256.6 Kampala
64%
465.8 259.9 Kenya
64%
383 232.4 Lomé
64%
488 230 Mogadishu
64%
465.8 259.9 Nairobi
64%
488 230 Somalia
64%
368 235.9 Yamoussoukro
64%
427.6 239 Central African Republic
61%
422.6 209.4 Chad
61%
448.5 209.5 Khartoum
61%
419.3 172.9 Libya
61%
449.6 239.5 South Sudan
61%
422.6 209.4 N'Djamena
60%
403.3 203.9 Niamey
60%
377 202.2 Mali
59%
354 195.5 Mauritania
59%
403.3 203.9 Niger
59%
354 195.5 Nouakchott
59%
398 230.8 Nigeria
58%
377 219 Ouagadougou
58%
385.7 225 Porto-Novo
58%
366 153.5 Rabat
58%
404 255.8 Equatorial Guinea
57%
406.5 264 Gabon
57%
406.5 264 Libreville
57%
383 232.4 Togo
57%
407 247 Yaoundé
57%
435 336.1 Botswana
56%
435 336.1 Gaborone
56%
447 325 Harare
56%
447.8 267.7 Kigali
56%
433 267.2 Kinshasa
56%
444 360.5 Lesotho
56%
456 307 Lilongwe
56%
420 301.2 Luanda
56%
438 310 Lusaka
56%
404 255.8 Malabo
56%
456 307 Malawi
56%
467 309.5 Maputo
56%
444 360.5 Maseru
56%
451.3 350.1 Mbabane
56%
467 309.5 Mozambique
56%
418 328 Namibia
56%
431 365 Pretoria
56%
416.9 260.5 Republic of the Congo
56%
447.8 267.7 Rwanda
56%
431 365 South Africa
56%
451.3 350.1 Swaziland
56%
459.1 282.5 Tanzania
56%
453.1 256.6 Uganda
56%
418 328 Windhoek
56%
438 310 Zambia
56%
447 325 Zimbabwe
56%
448.5 209.5 Sudan
54%
419.3 172.9 Tripoli
54%
401 148 Tunis
54%
401 148 Tunisia
54%
347.7 220.3 Guinea-Bissau
51%
443.4 81.2 Belarus
50%
398.4 103.5 Bern
50%
423 98 Bratislava
50%
436.7 107.1 Bucharest
50%
444.4 102 Chișinău
50%
401.5 73.5 Copenhagen
50%
414 93.8 Czech Republic
50%
401.5 73.5 Denmark
50%
439 64.8 Estonia
50%
404 89.9 Germany
50%
424.4 103.1 Hungary
50%
450.6 96 Kiev
50%
438 70.6 Latvia
50%
386 105 Paris
50%
438 70.6 Riga
50%
434.3 76.3 Lithuania
49%
443.4 81.2 Minsk
49%
423.6 87.1 Poland
49%
444.4 102 Moldova
48%
414 93.8 Prague
48%
436.7 107.1 Romania
48%
427.6 113 Serbia
48%
423 98 Slovakia
48%
450.6 96 Ukraine
48%
416.4 124.2 Italy
47%
427.5 118.5 Kosovo
47%
402 103.1 Liechtenstein
47%
413 106.5 Ljubljana
47%
429.5 121.7 Macedonia
47%
423.7 117.8 Montenegro
47%
423.7 117.8 Podgorica
47%
427.5 118.5 Pristina
47%
416.4 124.2 Rome
47%
408.5 113.9 San Marino
47%
408.5 113.9 San Marino (cap)
47%
421 113 Sarajevo
47%
413 106.5 Slovenia
47%
398.4 103.5 Switzerland
47%
402 103.1 Vaduz
47%
414.2 100.9 Vienna
47%
418 108 Zagreb
47%
577 52 Russia
46%
437.8 117.9 Sofia
46%
425.5 124 Tirana
46%
408.5 120.7 Vatican City
46%
533 100 Kazakhstan
45%
548 122 Kyrgyzstan
45%
429.5 121.7 Skopje
45%
408.5 120.7 Vatican City (cap)
45%
437 52 Finland
44%
437 52 Helsinki
44%
401.7 57 Norway
44%
401.7 57 Oslo
44%
414.3 60.5 Stockholm
44%
414.3 60.5 Sweden
44%
545.2 133.5 Tajikistan
44%
525 122.5 Tashkent
44%
501.3 152.5 Tehran
44%
513 130.6 Turkmenistan
44%
583 181.8 Bangladesh
43%
583 181.8 Dhaka
43%
556 185.9 India
43%
535.7 164.2 Islamabad
43%
608 207.9 Bangkok
42%
616 219.1 Cambodia
42%
624.3 219.9 Hanoi
42%
569.8 166.5 Kathmandu
42%
610.3 194.9 Laos
42%
597 188.5 Myanmar
42%
597 188.5 Naypyidaw
42%
569.8 166.5 Nepal
42%
556 185.9 New Delhi
42%
535.7 164.2 Pakistan
42%
638.6 246.1 Bandar Seri Begawan
41%
638.6 246.1 Brunei
41%
664.3 290.8 Dili
41%
664.3 290.8 East Timor
41%
635.5 264 Indonesia
41%
635.5 264 Jakarta
41%
610.3 247.2 Kuala Lumpur
41%
610.3 247.2 Malaysia
41%
703.7 282.4 Papua New Guinea
41%
703.7 282.4 Port Moresby
41%
608 207.9 Thailand
41%
584.1 169.4 Thimphu
41%
624.3 219.9 Vietnam
40%
394.3 94.2 Luxembourg
39%
614.2 104.1 Mongolia
39%
665.7 127 North Korea
39%
616 219.1 Phnom Penh
39%
665.7 127 Pyongyang
39%
669 139 Seoul
39%
669 139 South Korea
39%
439 64.8 Tallinn
39%
479 120 Tbilisi
39%
614.2 104.1 Ulaanbaatar
39%
610.3 194.9 Vientiane
39%
434.3 76.3 Vilnius
39%
423.6 87.1 Warsaw
39%
480.5 125 Yerevan
39%
394.3 94.2 Luxembourg (cap)
38%
393 86.9 Netherlands
38%
525 122.5 Uzbekistan
38%
234 373 Argentina
36%
248.9 339.7 Asunción
36%
216.3 247.5 Bogotá
36%
236 319 Bolivia
36%
266 294 Brasília
36%
266 294 Brazil
36%
232 235 Caracas
36%
234 373 Buenos Aires
35%
218 384 Chile
35%
216.3 247.5 Colombia
35%
204 265.5 Ecuador
35%
236 319 La Paz
35%
208 292 Lima
35%
248.9 339.7 Paraguay
34%
208 292 Peru
34%
204 265.5 Quito
34%
218 384 Santiago
34%
180.9 203.6 Belize
33%
180.9 203.6 Belmopan
33%
143 66 Canada
33%
192 228 Costa Rica
33%
180.4 215 El Salvador
33%
177.4 210 Guatemala
33%
177.4 210 Guatemala City
33%
184.5 210.7 Honduras
33%
188.2 218.1 Managua
33%
151 182 Mexico
33%
151 182 Mexico City
33%
254.9 370.2 Montevideo
33%
143 66 Ottawa
33%
198 232.5 Panama
33%
153 129 United States
33%
254.9 370.2 Uruguay
33%
153 129 Washington D.C.
33%
180.4 215 San Salvador
31%
248 242 Georgetown
30%
248 242 Guyana
30%
188.2 218.1 Nicaragua
30%
198 232.5 Panama City
30%
254.4 248.1 Paramaribo
30%
192 228 San José
30%
254.4 248.1 Suriname
30%
184.5 210.7 Tegucigalpa
30%
232 235 Venezuela
30%
486 324.3 Antananarivo
24%
241.4 204 Antigua and Barbuda
24%
802.8 307.7 Apia
24%
683 342 Australia
24%
209 180.9 Bahamas
24%
683 342 Canberra
24%
486 324.3 Madagascar
24%
241.4 204 Saint John's
24%
802.8 307.7 Samoa
24%
209 180.9 Nassau
23%
246.5 217 Barbados
22%
246.5 217 Bridgetown
22%
494.3 174 Bahrain
21%
326.7 206.9 Cape Verde
21%
206 190.2 Cuba
21%
455.3 143.7 Cyprus
21%
206 190.2 Havana
21%
494.3 174 Manama
21%
455.3 143.7 Nicosia
21%
326.7 206.9 Praia
21%
243.2 214.6 Castries
20%
479.4 301.4 Comoros
20%
242.4 209.5 Dominica
20%
221 197 Dominican Republic
20%
218 196 Haiti
20%
479.4 301.4 Moroni
20%
218 196 Port-au-Prince
20%
242.4 209.5 Roseau
20%
243.2 214.6 Saint Lucia
20%
221 197 Santo Domingo
20%
239.4 203.4 Basseterre
19%
782.9 320.1 Fiji
19%
241.6 220.6 Grenada
19%
341 43 Iceland
19%
206 200.2 Jamaica
19%
206 200.2 Kingston
19%
341 43 Reykjavík
19%
239.4 203.4 Saint Kitts and Nevis
19%
782.9 320.1 Suva
19%
693.3 140 Japan
18%
241.6 220.6 Saint George's
18%
693.3 140 Tokyo
18%
717.7 235.2 Federated States of Micronesia
17%
397.2 114.5 Monaco
17%
397.2 114.5 Monaco (cap)
17%
242.7 216.8 Kingstown
16%
21 272 Kiribati
16%
760.6 232.2 Majuro
16%
545.9 248.9 Maldives
16%
545.9 248.9 Malé
16%
412.9 141.1 Malta
16%
760.6 232.2 Marshall Islands
16%
510.1 329.1 Mauritius
16%
717.7 235.2 Palikir
16%
510.1 329.1 Port Louis
16%
242.7 216.8 Saint Vincent and the Grenadines
16%
21 272 South Tarawa
16%
804.5 282.8 Tuvalu
16%
412.9 141.1 Valletta
16%
804.5 282.8 Funafuti
15%
742.1 295 Honiara
15%
657 220.6 Manila
15%
657 220.6 Philippines
15%
742.1 295 Solomon Islands
15%
756.2 263.4 Nauru
13%
776.7 391.9 New Zealand
13%
680.5 241.3 Palau
13%
776.7 391.9 Wellington
13%
756.2 263.4 Yaren
13%
680.5 241.3 Ngerulmud
12%
798.1 328.7 Nukuʻalofa
11%
755.5 318.6 Port Vila
10%
395.5 260.6 São Tomé
10%
395.5 260.6 São Tomé and Príncipe
10%
652.9 182.1 Taipei
10%
652.9 182.1 Taiwan
10%
798.1 328.7 Tonga
10%
755.5 318.6 Vanuatu
10%
242.5 226.6 Port-of-Spain
9%
505.5 277 Seychelles
9%
614.2 256.7 Singapore
9%
614.2 256.7 Singapore (cap)
9%
562 235.3 Sri Jayawardenepura Kotte
9%
562 235.3 Sri Lanka
9%
242.5 226.6 Trinidad and Tobago
9%
505.5 277 Victoria
9%
No matching quizzes found
Score Distribution
Percent of People with Each Score
Percentile by Number Answered
Your Score History
You have not taken this quiz